|
|
|
|
| LEADER |
01850nam a2200433 a 4500 |
| 001 |
nkc20112165885 |
| 003 |
CZ PrNK |
| 005 |
20160520121143.0 |
| 007 |
ta |
| 008 |
110211s2010 xr e f 000 0 cze |
| 015 |
|
|
|a cnb002165885
|
| 020 |
|
|
|a 978-80-86640-46-4
|q (v knize neuvedeno ;
|q brož.)
|z 978-80-86640-51-8
|
| 035 |
|
|
|a (OCoLC)730407225
|
| 040 |
|
|
|a BOA001
|b cze
|d OLA001
|
| 043 |
|
|
|a e-xr---
|
| 072 |
|
7 |
|a 364-1/-7
|x Druhy sociální pomoci a služeb
|2 Konspekt
|9 18
|
| 080 |
|
|
|a 364-787.3
|2 MRF
|
| 080 |
|
|
|a 006
|2 MRF
|
| 080 |
|
|
|a (437.3)
|2 MRF
|
| 080 |
|
|
|a (035)
|2 MRF
|
| 245 |
0 |
0 |
|a Standardy psychosociální krizové pomoci a spolupráce zaměřené na průběh a výsledek /
|c Pracovní skupina pro vytváření a ověřování standardů psychosociální krizové pomoci a spolupráce při MV-GŘ HZS ČR
|
| 250 |
|
|
|a Vyd. 1.
|
| 260 |
|
|
|a Praha :
|b Ministerstvo vnitra - generální ředitelství Hasičského záchranného sboru ČR,
|c 2010
|
| 300 |
|
|
|a 63 s. ;
|c 29 cm
|
| 500 |
|
|
|a Přehled souvisejících právních předpisů
|
| 500 |
|
|
|a 2000 výt.
|
| 504 |
|
|
|a Obsahuje bibliografie a bibliografické odkazy
|
| 650 |
0 |
7 |
|a psychosociální pomoc
|7 ph314822
|2 czenas
|
| 650 |
0 |
7 |
|a normy a standardy
|7 ph260674
|z Česko
|2 czenas
|
| 650 |
0 |
9 |
|a psychosocial aid
|2 eczenas
|
| 650 |
0 |
9 |
|a standards
|z Czechia
|2 eczenas
|
| 655 |
|
7 |
|a příručky
|7 fd133209
|2 czenas
|
| 655 |
|
9 |
|a handbooks and manuals
|2 eczenas
|
| 710 |
1 |
|
|a Česko.
|b Hasičský záchranný sbor.
|b Generální ředitelství.
|b Pracovní skupina pro vytváření a ověřování standardů psychosociální krizové pomoci a spolupráce
|7 olak2011632578
|
| 910 |
2 |
|
|a BOA001
|b 4-1261.616
|
| 990 |
|
|
|a BK
|
| 995 |
|
|
|a 01
|
| 991 |
|
|
|b 201103
|c NOV
|e n
|
| 996 |
6 |
|
|b 2610468977
|c 4-1261.616
|l MZK
|r Sklad / do 1 hodiny
|n 1
|p p.v.
|w 001170472
|u 000010
|a 1
|e BOA001
|j MZK50
|s P
|